[Event "Bayernliga U20 1516"]
[Site "Bayern"]
[Date "2016.02.27"]
[Round "7.1"]
[White "Ott, Florian"]
[Black "Mueller, Constantin"]
[Result "1/2-1/2"]
[WhiteElo "2267"]
[BlackElo "2179"]
[PlyCount "51"]
[EventDate "2015.11.21"]
[EventType "team-tourn"]
[EventRounds "7"]
[EventCountry "GER"]
[SourceTitle "EXT 2022"]
[Source "ChessBase"]
[SourceDate "2021.10.06"]
[SourceVersion "1"]
[SourceVersionDate "2021.10.06"]
[SourceQuality "1"]
[WhiteTeam "Forchheim SC U20"]
[BlackTeam "Muenchen Suedost SK U20"]
[WhiteTeamCountry "GER"]
[BlackTeamCountry "GER"]

1. c4 e6 2. d4 d5 3. Nc3 Nf6 4. cxd5 exd5 5. Bg5 Be7 6. e3 c6 7. Bd3 Nbd7 8. Nf3 Nh5 9. Bxe7 Qxe7 10. 0-0 g6 11. Rb1 0-0 12. b4 a6 13. a4 Nb6 14. Re1 Ng7 15. a5 Nd7 16. e4 dxe4 17. Bxe4 Qd6 18. d5 c5 19. b5 Nf6 20. Bd3 axb5 21. Rxb5 Qd8 22. Rxc5 Rxa5 23. Rxa5 Qxa5 24. Qa1 Qxa1 25. Rxa1 Bf5 26. Rd1 1/2-1/2

[Event "Graz op-A"]
[Site "Graz"]
[Date "2016.02.18"]
[Round "8"]
[White "Charaus, Florian"]
[Black "Mueller, Constantin"]
[Result "1/2-1/2"]
[WhiteElo "2027"]
[BlackElo "2278"]
[PlyCount "75"]
[EventDate "2016.02.12"]
[EventType "swiss"]
[EventRounds "9"]
[EventCountry "AUT"]
[SourceTitle "CBM 170 Extra"]
[Source "ChessBase"]
[SourceDate "2016.02.25"]
[SourceVersion "1"]
[SourceVersionDate "2016.02.25"]
[SourceQuality "1"]

1. d4 d5 2. c4 e6 3. Nc3 Nf6 4. cxd5 exd5 5. Bg5 Be7 6. Qc2 c6 7. e3 Nbd7 8. Bd3 Nh5 9. Bxe7 Qxe7 10. Nge2 g6 11. Rc1 Nb6 12. 0-0 Ng7 13. Ng3 0-0 14. Rfe1 Qd6 15. Na4 Nxa4 16. Qxa4 Ne6 17. b4 Bd7 18. Qb3 a5 19. a3 b5 20. Ra1 f5 21. f4 axb4 22. axb4 Nc7 23. Nf1 Rfe8 24. Bc2 Kf7 25. Nd2 Na6 26. Rab1 Kg7 27. Nf3 Ra7 28. Ne5 Rea8 29. Qc3 Be8 30. Rb2 Nc7 31. Reb1 Ne6 32. Qd2 Nf8 33. Qc3 Ra3 34. Rb3 R3a6 35. Qd2 Nd7 36. g4 fxg4 37. Nxg4 Kh8 38. Qg2 1/2-1/2

[Event "Graz op-A"]
[Site "Graz"]
[Date "2016.02.17"]
[Round "7"]
[White "Mueller, Constantin"]
[Black "Wieser, Andreas"]
[Result "1/2-1/2"]
[WhiteElo "2278"]
[BlackElo "2106"]
[PlyCount "62"]
[EventDate "2016.02.12"]
[EventType "swiss"]
[EventRounds "9"]
[EventCountry "AUT"]
[SourceTitle "CBM 170 Extra"]
[Source "ChessBase"]
[SourceDate "2016.02.25"]
[SourceVersion "1"]
[SourceVersionDate "2016.02.25"]
[SourceQuality "1"]

1. d4 d5 2. c4 e6 3. Nf3 Nf6 4. g3 Bb4+ 5. Bd2 Be7 6. Bg2 Nbd7 7. 0-0 0-0 8. Qc2 Ne4 9. Be3 f5 10. Ne1 c6 11. Nd3 Bd6 12. f3 Nxg3 13. hxg3 Bxg3 14. Bf4 Bxf4 15. Nxf4 Qh4 16. e3 g5 17. Nxe6 Rf6 18. cxd5 cxd5 19. Nc5 Nxc5 20. dxc5 Rh6 21. Rf2 f4 22. exf4 Qh2+ 23. Kf1 Bh3 24. Bxh3 Qh1+ 25. Ke2 Re8+ 26. Kd3 Rxh3 27. Nd2 Qxa1 28. Qb3 Qe1 29. Qxd5+ Qe6 30. Qxe6+ Rxe6 31. fxg5 Kg7 1/2-1/2

[Event "Graz op-A"]
[Site "Graz"]
[Date "2016.02.13"]
[Round "2"]
[White "Nguyen, Piotr"]
[Black "Mueller, Constantin"]
[Result "1-0"]
[WhiteElo "2440"]
[BlackElo "2278"]
[PlyCount "49"]
[EventDate "2016.02.12"]
[EventType "swiss"]
[EventRounds "9"]
[EventCountry "AUT"]
[SourceTitle "CBM 170 Extra"]
[Source "ChessBase"]
[SourceDate "2016.02.25"]
[SourceVersion "1"]
[SourceVersionDate "2016.02.25"]
[SourceQuality "1"]

1. c4 e6 2. Nc3 d5 3. d4 Nf6 4. cxd5 exd5 5. Bg5 Be7 6. e3 c6 7. Bd3 Nbd7 8. Nge2 Nh5 9. Bxe7 Qxe7 10. g4 Nhf6 11. Ng3 Nb6 12. g5 Nfd7 13. h4 Nf8 14. Nh5 Ne6 15. Qe2 Nd7 16. 0-0-0 g6 17. Ng3 h6 18. gxh6 Ndf8 19. h5 Bd7 20. hxg6 fxg6 21. Qc2 Qg5 22. Nge2 Qg2 23. f4 0-0-0 24. Rdg1 Qf2 25. Rg3 1-0

[Event "Oberliga Bayern 1516"]
[Site "Bayern"]
[Date "2016.01.31"]
[Round "6.6"]
[White "Hellmayr, Alois"]
[Black "Mueller, Constantin"]
[Result "1-0"]
[WhiteElo "2235"]
[BlackElo "2179"]
[PlyCount "109"]
[EventDate "2015.10.11"]
[EventType "team-tourn"]
[EventRounds "9"]
[EventCountry "GER"]
[SourceTitle "EXT 2018"]
[Source "ChessBase"]
[SourceDate "2017.10.13"]
[SourceVersion "1"]
[SourceVersionDate "2017.10.13"]
[SourceQuality "1"]
[WhiteTeam "Passau"]
[BlackTeam "Muenchen Suedost"]
[WhiteTeamCountry "GER"]
[BlackTeamCountry "GER"]

1. Nf3 d5 2. g3 Nf6 3. Bg2 e6 4. d4 Be7 5. 0-0 0-0 6. b3 b6 7. Bb2 Bb7 8. Nbd2 c5 9. c4 dxc4 10. Nxc4 Na6 11. Nce5 Rc8 12. Rc1 cxd4 13. Qxd4 Qxd4 14. Nxd4 Bxg2 15. Kxg2 Nb4 16. Ndc6 Nxc6 17. Nxc6 Bd8 18. Rfd1 a6 19. Rxd8 Rcxd8 20. Nxd8 Rxd8 21. Rc6 Nd5 22. e4 Nb4 23. Rxb6 Nxa2 24. Rxa6 Nb4 25. Rb6 Nd3 26. Bd4 f5 27. Be3 fxe4 28. Rxe6 Rb8 29. Rb6 Rxb6 30. Bxb6 Kf7 31. g4 Nf4+ 32. Kf1 Nd3 33. Be3 Ke6 34. Ke2 Ne5 35. h3 Kd5 36. Kf1 Nf3 37. g5 Kc6 38. Kg2 Kb5 39. Kg3 Kb4 40. Kf4 Kxb3 41. Kxe4 Nh4 42. f4 g6 43. Bf2 Nf5 44. h4 Kc2 45. h5 Ng7 46. h6 Nf5 47. Ba7 Kd2 48. Bb8 Kc3 49. Kd5 Kd3 50. Ba7 Nh4 51. Ke5 Kc4 52. Ke6 Ng2 53. Bb8 Kd4 54. f5 gxf5 55. g6 1-0

[Event "Bayernliga U20 1516"]
[Site "Bayern"]
[Date "2016.01.23"]
[Round "4.1"]
[White "Mueller, Constantin"]
[Black "Schulz, Lukas"]
[Result "0-1"]
[WhiteElo "2179"]
[BlackElo "2158"]
[PlyCount "48"]
[EventDate "2015.11.21"]
[EventType "team-tourn"]
[EventRounds "7"]
[EventCountry "GER"]
[SourceTitle "EXT 2022"]
[Source "ChessBase"]
[SourceDate "2021.10.06"]
[SourceVersion "1"]
[SourceVersionDate "2021.10.06"]
[SourceQuality "1"]
[WhiteTeam "Muenchen Suedost SK U20"]
[BlackTeam "Hoechstadt SC U20"]
[WhiteTeamCountry "GER"]
[BlackTeamCountry "GER"]

1. d4 Nf6 2. c4 e5 3. dxe5 Ng4 4. Nc3 Nxe5 5. e3 Nbc6 6. a3 d6 7. b4 g6 8. Bb2 Bg7 9. f4 Ng4 10. Qf3 0-0 11. 0-0-0 Re8 12. Nd5 Ne7 13. e4 Nxd5 14. cxd5 Bxb2+ 15. Kxb2 f5 16. h3 fxe4 17. Qg3 Qf6+ 18. Ka2 Nh6 19. Bc4 Bd7 20. b5 a6 21. bxa6 b5 22. Bb3 Rxa6 23. Ne2 b4 24. Nd4 Rxa3+ 0-1

[Event "Bayernliga U20 1516"]
[Site "Bayern"]
[Date "2015.12.19"]
[Round "3.1"]
[White "Lutter, Maximilian"]
[Black "Mueller, Constantin"]
[Result "1/2-1/2"]
[WhiteElo "1910"]
[BlackElo "2179"]
[PlyCount "111"]
[EventDate "2015.11.21"]
[EventType "team-tourn"]
[EventRounds "7"]
[EventCountry "GER"]
[SourceTitle "EXT 2022"]
[Source "ChessBase"]
[SourceDate "2021.10.06"]
[SourceVersion "1"]
[SourceVersionDate "2021.10.06"]
[SourceQuality "1"]
[WhiteTeam "Neumarkt U20"]
[BlackTeam "Muenchen Suedost SK U20"]
[WhiteTeamCountry "GE2"]
[BlackTeamCountry "GER"]

1. d4 d5 2. c4 c6 3. Nf3 Nf6 4. e3 a6 5. b3 Bg4 6. Be2 e6 7. 0-0 Nbd7 8. Nbd2 Bd6 9. Bb2 0-0 10. Qc2 Qb8 11. h3 Bf5 12. Bd3 Bxd3 13. Qxd3 e5 14. dxe5 Nxe5 15. Nxe5 Bxe5 16. Bxe5 Qxe5 17. Nf3 Qe4 18. Rfd1 Rfd8 19. cxd5 Qxd5 20. Qc2 Qa5 21. Rxd8+ Rxd8 22. Rd1 Rxd1+ 23. Qxd1 Qd5 24. Qc2 Ne4 25. Nd4 g6 26. b4 c5 27. bxc5 Nxc5 28. Qb2 h6 29. Nf3 Ne4 30. Nd4 Nc5 31. Nf3 b5 32. Nd4 Na4 33. Qc2 Kg7 34. Qd2 Qc4 35. Nb3 Nc3 36. Qb2 Kg8 37. Qa3 b4 38. Qa5 Kh7 39. Kh2 Ne4 40. f3 Nc3 41. Nc5 Nxa2 42. Ne4 Qe6 43. Qc5 Nc3 44. Nxc3 bxc3 45. Qxc3 Qa2 46. h4 h5 47. e4 a5 48. f4 a4 49. f5 Qf2 50. Qf6 Qa7 51. fxg6+ fxg6 52. e5 a3 53. e6 Qg7 54. Qf2 Qe5+ 55. g3 Qxe6 56. Qa7+ 1/2-1/2

[Event "Bayernliga U20 1516"]
[Site "Bayern"]
[Date "2015.12.19"]
[Round "2.1"]
[White "Mueller, Constantin"]
[Black "Siegl, Melina"]
[Result "1/2-1/2"]
[WhiteElo "2179"]
[BlackElo "1958"]
[PlyCount "88"]
[EventDate "2015.11.21"]
[EventType "team-tourn"]
[EventRounds "7"]
[EventCountry "GER"]
[SourceTitle "EXT 2022"]
[Source "ChessBase"]
[SourceDate "2021.10.06"]
[SourceVersion "1"]
[SourceVersionDate "2021.10.06"]
[SourceQuality "1"]
[WhiteTeam "Muenchen Suedost SK U20"]
[BlackTeam "Nuernberg Sued SW U20"]
[WhiteTeamCountry "GER"]
[BlackTeamCountry "GER"]

1. d4 d6 2. c4 g6 3. Nc3 Bg7 4. e4 Nd7 5. Nf3 e5 6. Be2 Ne7 7. 0-0 0-0 8. Be3 c6 9. Qd2 f5 10. dxe5 dxe5 11. exf5 Nxf5 12. Ne4 h6 13. Rad1 Qc7 14. c5 Kh7 15. Bc4 Nf6 16. Qc2 Nxe3 17. fxe3 Bf5 18. Nxf6+ Rxf6 19. Bd3 Qe7 20. Bxf5 Rxf5 21. e4 Rf7 22. Rd6 Raf8 23. h3 Rf4 24. Rfd1 R8f7 25. Kh1 g5 26. R1d3 g4 27. hxg4 Rxg4 28. Kg1 Bf8 29. b4 Rfg7 30. Rd7 Qf6 31. Rxg7+ Rxg7 32. Qd2 b6 33. cxb6 axb6 34. Rd7 Be7 35. Kf1 Qe6 36. Rd3 Rf7 37. Kg1 Rg7 38. a3 Rg4 39. Qc2 Rg6 40. Qb2 Bf6 41. Qe2 Rg7 42. Rd2 Be7 43. Qd3 h5 44. Qc3 Bf6 1/2-1/2

[Event "Bayern-chI Bank Hofmann 19th"]
[Site "Bad Wiessee"]
[Date "2015.11.08"]
[Round "9"]
[White "Buecker, Stefan"]
[Black "Mueller, Constantin"]
[Result "1-0"]
[WhiteElo "2287"]
[BlackElo "2076"]
[PlyCount "97"]
[EventDate "2015.10.31"]
[EventType "swiss"]
[EventRounds "9"]
[EventCountry "GER"]
[SourceTitle "EXT 2017"]
[Source "ChessBase"]
[SourceDate "2016.10.25"]
[SourceVersion "1"]
[SourceVersionDate "2016.10.25"]
[SourceQuality "1"]

1. b3 Nf6 2. Bb2 d5 3. e3 Bg4 4. f3 Bh5 5. Nh3 Nbd7 6. d4 e6 7. c4 c5 8. Nc3 cxd4 9. exd4 dxc4 10. Bxc4 Bd6 11. Qe2 0-0 12. 0-0 a6 13. g4 Bg6 14. f4 Nb6 15. Rac1 Nxc4 16. bxc4 Bb8 17. Nd1 Ba7 18. c5 h5 19. f5 exf5 20. gxf5 Bh7 21. Qg2 Qd5 22. Rf3 Ng4 23. Nf4 Qxf5 24. h3 Nf6 25. d5 Rae8 26. Ne6 fxe6 27. Rxf5 Bxf5 28. d6 Be4 29. Qg3 Bc6 30. Nf2 Rf7 31. Nd3 Nd7 32. Ne5 Nxe5 33. Qxe5 Bd5 34. Bd4 h4 35. Rf1 Ref8 36. Rxf7 Rxf7 37. Qg5 Bb8 38. Qd8+ Rf8 39. Qe7 Rf7 40. Qe8+ Rf8 41. d7 Bc7 42. Qe7 Rf7 43. d8R+ Bxd8 44. Qxd8+ Rf8 45. Qg5 Rf7 46. a4 Kh7 47. Qxh4+ Kg8 48. Qg5 Kh7 49. h4 1-0

[Event "Oberliga Bayern 1516"]
[Site "Bayern"]
[Date "2015.10.11"]
[Round "1.7"]
[White "Bachstein, Dustin"]
[Black "Mueller, Constantin"]
[Result "0-1"]
[WhiteElo "2068"]
[BlackElo "2179"]
[PlyCount "70"]
[EventDate "2015.10.11"]
[EventType "team-tourn"]
[EventRounds "9"]
[EventCountry "GER"]
[SourceTitle "EXT 2018"]
[Source "ChessBase"]
[SourceDate "2017.10.13"]
[SourceVersion "1"]
[SourceVersionDate "2017.10.13"]
[SourceQuality "1"]
[WhiteTeam "Erlangen SC"]
[BlackTeam "Muenchen Suedost"]
[WhiteTeamCountry "GER"]
[BlackTeamCountry "GER"]

1. d4 d5 2. c4 c6 3. Nf3 Nf6 4. Nc3 a6 5. a4 e6 6. e3 a5 7. Bd2 Na6 8. Rc1 Nb4 9. Be2 Bd6 10. 0-0 0-0 11. Ne5 Qe7 12. f4 Rd8 13. Qe1 b6 14. g4 Bb7 15. cxd5 exd5 16. Qh4 Nd7 17. Qxe7 Bxe7 18. Be1 Nxe5 19. fxe5 f6 20. Bg3 fxe5 21. Bxe5 Bd6 22. Bf4 Rd7 23. Rf2 Re8 24. Rcf1 Bxf4 25. Rxf4 Rde7 26. e4 g5 27. Rf5 dxe4 28. Rxg5+ Kh8 29. Bc4 Nc2 30. d5 cxd5 31. Nxd5 Bxd5 32. Bxd5 Nd4 33. Kg2 e3 34. Rf7 Rxf7 35. Bxf7 e2 0-1

[Event "GER-chT U16"]
[Site "Magdeburg"]
[Date "2014.12.30"]
[Round "7.2"]
[White "Mueller, Constantin"]
[Black "Heise, Tobias"]
[Result "1-0"]
[WhiteElo "2088"]
[BlackElo "1664"]
[PlyCount "87"]
[EventDate "2014.12.27"]
[EventType "team-swiss"]
[EventRounds "7"]
[EventCountry "GER"]
[SourceTitle "EXT 2016"]
[Source "ChessBase"]
[SourceDate "2015.10.08"]
[SourceVersion "1"]
[SourceVersionDate "2015.10.08"]
[SourceQuality "1"]
[WhiteTeam "Muenchen Suedost"]
[BlackTeam "Lehrte"]
[WhiteTeamCountry "GER"]
[BlackTeamCountry "GER"]

1. d4 d5 2. c4 e6 3. Nf3 Nf6 4. g3 b6 5. Ne5 c6 6. Bg2 Bd6 7. 0-0 Bxe5 8. dxe5 Nfd7 9. cxd5 cxd5 10. e4 d4 11. Qxd4 Nc6 12. Qc3 Ncxe5 13. Qa3 Qe7 14. b3 Qc5 15. Be3 Qxa3 16. Nxa3 0-0 17. Rfd1 Ng4 18. Bd4 e5 19. Bb2 f6 20. Nb5 Nc5 21. Ba3 a6 22. Nd6 Ra7 23. Nxc8 Rxc8 24. Bh3 f5 25. exf5 Nf6 26. Rd6 Ncd7 27. Rad1 Rc2 28. R1d2 Rxd2 29. Rxd2 Rc7 30. Bg2 h6 31. h3 a5 32. g4 b5 33. Bd6 Rc1+ 34. Kh2 Kf7 35. Re2 Ra1 36. Bc6 b4 37. Bb5 Kg8 38. Bc7 Nd5 39. Bc4 Rd1 40. Bxa5 N7f6 41. Bxb4 Kh7 42. Bxd5 Nxd5 43. Bd2 Ra1 44. Rxe5 1-0

[Event "GER-chT U16"]
[Site "Magdeburg"]
[Date "2014.12.28"]
[Round "3.2"]
[White "Riehle, Marco"]
[Black "Mueller, Constantin"]
[Result "1-0"]
[WhiteElo "2069"]
[BlackElo "2088"]
[PlyCount "147"]
[EventDate "2014.12.27"]
[EventType "team-swiss"]
[EventRounds "7"]
[EventCountry "GER"]
[SourceTitle "EXT 2016"]
[Source "ChessBase"]
[SourceDate "2015.10.08"]
[SourceVersion "1"]
[SourceVersionDate "2015.10.08"]
[SourceQuality "1"]
[WhiteTeam "Sasbach"]
[BlackTeam "Muenchen Suedost"]
[WhiteTeamCountry "GER"]
[BlackTeamCountry "GER"]

1. e4 e6 2. d4 d5 3. exd5 exd5 4. Nf3 Bd6 5. c4 c6 6. Nc3 Ne7 7. c5 Bc7 8. b4 0-0 9. Bd3 Bf5 10. 0-0 h6 11. Re1 Bxd3 12. Qxd3 Ng6 13. Ne5 Qh4 14. g3 Nxe5 15. Rxe5 Qh3 16. Re7 Nd7 17. Bd2 Bd8 18. Re2 Bc7 19. Rae1 Nf6 20. Qf3 b5 21. a4 a5 22. axb5 axb4 23. Nd1 cxb5 24. Ne3 Ra3 25. Qf5 Qxf5 26. Nxf5 b3 27. Rb1 Ra2 28. Kf1 g6 29. Ne7+ Kg7 30. Rxb3 Re8 31. Bxh6+ Kxh6 32. Rxa2 Rxe7 33. Rxb5 Re6 34. Ra7 Rc6 35. Rbb7 Ne8 36. Ra8 Re6 37. Rxe8 Rxe8 38. Rxc7 Re4 39. Rxf7 Rxd4 40. c6 Rc4 41. c7 d4 42. Ke2 Rc3 43. f4 g5 44. fxg5+ Kxg5 45. h3 Kh5 46. Rd7 Kg5 47. Rxd4 Rxc7 48. Rd5+ Kg6 49. Rd3 Kg5 50. Kf3 Rf7+ 51. Kg2 Ra7 52. h4+ Kg4 53. Rd4+ Kh5 54. Rd5+ Kg6 55. g4 Ra3 56. Rf5 Rb3 57. Rf3 Rb2+ 58. Kg3 Rb4 59. Ra3 Rc4 60. h5+ Kg5 61. Ra5+ Kh6 62. Ra6+ Kg7 63. Rg6+ Kh7 64. Rf6 Kg7 65. Rf4 Rc5 66. Kh4 Rc1 67. Ra4 Rc5 68. Ra7+ Kg8 69. h6 Rc1 70. g5 Rh1+ 71. Kg4 Rb1 72. Kh5 Rb6 73. Ra8+ Kf7 74. h7 1-0

[Event "Bayernliga U20 1314"]
[Site "Bayern"]
[Date "2014.02.15"]
[Round "7.1"]
[White "Schulz, Lukas"]
[Black "Mueller, Constantin"]
[Result "1-0"]
[WhiteElo "2158"]
[BlackElo "2179"]
[PlyCount "55"]
[EventDate "2013.11.16"]
[EventType "team-tourn"]
[EventRounds "7"]
[EventCountry "GER"]
[SourceTitle "EXT 2022"]
[Source "ChessBase"]
[SourceDate "2021.10.06"]
[SourceVersion "1"]
[SourceVersionDate "2021.10.06"]
[SourceQuality "1"]
[WhiteTeam "Hoechstadt SC U20"]
[BlackTeam "Muenchen Suedost SK U20"]
[WhiteTeamCountry "GER"]
[BlackTeamCountry "GER"]

1. e4 e6 2. Nc3 d5 3. g3 dxe4 4. Nxe4 Bd7 5. Nf3 Bc6 6. Qe2 Be7 7. Bg2 Nf6 8. d3 0-0 9. Bd2 Nbd7 10. 0-0 Nc5 11. Ne5 Bxe4 12. dxe4 c6 13. Rad1 Qb6 14. b3 Rad8 15. Bc3 Rxd1 16. Rxd1 Rd8 17. Nc4 Qc7 18. Be5 Rxd1+ 19. Qxd1 Qc8 20. Bd6 Qd8 21. e5 Ne8 22. Qd4 Nd7 23. Bxe7 Qxe7 24. Qxa7 Nf8 25. Bxc6 Qd8 26. Bxe8 Qxe8 27. Qxb7 Qd8 28. Nd6 1-0

[Event "Bayern-chI Bank Hofmann 17th"]
[Site "Bad Wiessee"]
[Date "2013.11.01"]
[Round "8"]
[White "Hilverda, Alexander"]
[Black "Mueller, Constantin"]
[Result "1-0"]
[WhiteElo "2303"]
[BlackElo "2010"]
[PlyCount "97"]
[EventDate "2013.10.26"]
[EventType "swiss"]
[EventRounds "9"]
[EventCountry "GER"]
[SourceTitle "EXT 2014"]
[Source "ChessBase"]
[SourceDate "2013.11.20"]
[SourceVersion "1"]
[SourceVersionDate "2013.11.20"]
[SourceQuality "1"]

1. e4 e6 2. d4 d5 3. Nc3 Bb4 4. exd5 exd5 5. Bd3 Ne7 6. Qf3 Be6 7. Qg3 Kf8 8. Bf4 c5 9. Bc7 Qe8 10. dxc5 Nbc6 11. a3 Bxc5 12. Nge2 h5 13. Na4 Bd4 14. 0-0 h4 15. Qf4 Bf6 16. Nc5 Qc8 17. Rfe1 h3 18. g3 Bf5 19. Bxf5 Qxf5 20. Qxf5 Nxf5 21. Nd7+ Kg8 22. Nxf6+ gxf6 23. Rad1 Rc8 24. Bf4 d4 25. c3 dxc3 26. Nxc3 Ncd4 27. Rd3 Kg7 28. f3 Rhe8 29. Rxe8 Rxe8 30. Kf2 Ne6 31. Bd2 Re7 32. g4 Nfd4 33. f4 Nc6 34. Rxh3 Nc5 35. b4 Rd7 36. Be3 Nd3+ 37. Ke2 b6 38. Rh5 Nb2 39. Rd5 Re7 40. b5 Na5 41. Kf3 Nbc4 42. Rd3 Nxa3 43. h4 Nc2 44. Bf2 Na3 45. h5 Rc7 46. Bh4 Rc4 47. Ne4 Rc8 48. Bxf6+ Kg8 49. Ng5 1-0

[Event "GER-ch U16"]
[Site "Oberhof"]
[Date "2013.05.25"]
[Round "9"]
[White "Mueller, Constantin"]
[Black "Keller, Peter1111"]
[Result "1-0"]
[WhiteElo "1956"]
[BlackElo "2065"]
[PlyCount "47"]
[EventDate "2013.05.19"]
[EventType "swiss"]
[EventRounds "9"]
[EventCountry "GER"]
[SourceTitle "CBM 154 Extra"]
[Source "ChessBase"]
[SourceDate "2013.06.25"]
[SourceVersion "2"]
[SourceVersionDate "2013.06.25"]
[SourceQuality "1"]

1. c4 e5 2. g3 Nf6 3. Bg2 Nc6 4. a3 Bc5 5. e3 a6 6. Ne2 Ba7 7. Nbc3 0-0 8. 0-0 d6 9. h3 Be6 10. Nd5 e4 11. Nec3 Ne5 12. Nxf6+ Qxf6 13. Nxe4 Qg6 14. d3 f5 15. Nc3 f4 16. exf4 Nxd3 17. Ne4 Bxc4 18. b3 d5 19. Ng5 h6 20. bxc4 hxg5 21. Bxd5+ Kh8 22. f5 Qxf5 23. Qh5+ Qh7 24. Qxh7+ 1-0

[Event "GER-ch U16"]
[Site "Oberhof"]
[Date "2013.05.24"]
[Round "8"]
[White "Koop, Thorben"]
[Black "Mueller, Constantin"]
[Result "1/2-1/2"]
[WhiteElo "2145"]
[BlackElo "1956"]
[PlyCount "119"]
[EventDate "2013.05.19"]
[EventType "swiss"]
[EventRounds "9"]
[EventCountry "GER"]
[SourceTitle "CBM 154 Extra"]
[Source "ChessBase"]
[SourceDate "2013.06.25"]
[SourceVersion "2"]
[SourceVersionDate "2013.06.25"]
[SourceQuality "1"]

1. e4 e6 2. d4 d5 3. Bd3 c5 4. c3 dxe4 5. Bxe4 Nf6 6. Bf3 Qc7 7. Ne2 Bd6 8. Na3 Bd7 9. Qb3 Bc6 10. Nb5 Qd7 11. Nxd6+ Qxd6 12. Bf4 Qe7 13. Bxc6+ Nxc6 14. dxc5 e5 15. Be3 Ng4 16. 0-0 0-0 17. Qc4 Nxe3 18. fxe3 Qg5 19. Rf3 Rad8 20. Raf1 Qe7 21. Ng3 g6 22. Rf6 Rd2 23. b4 e4 24. Nxe4 Ne5 25. Qb3 Re2 26. Nd6 Rxe3 27. Qd5 Rxc3 28. Qe4 b6 29. Qe1 Rc2 30. Nxf7 Nf3+ 31. R6xf3 Rxf7 32. Rxf7 Qxe1 33. Rf8+ Kg7 34. Rxe1 Kxf8 35. cxb6 axb6 36. Re6 Rxa2 37. Rxb6 Kg7 38. h3 Rb2 39. b5 Kh6 40. Rb8 Kg5 41. b6 Kh4 42. Kh2 h6 43. b7 h5 44. Rg8 Rxb7 45. Rxg6 Rb3 46. Ra6 Kg5 47. Ra5+ Kg6 48. Re5 h4 49. Kg1 Rb2 50. Kf1 Ra2 51. Re2 Ra5 52. Re4 Kg5 53. Kf2 Ra2+ 54. Kf3 Ra3+ 55. Re3 Ra5 56. Rb3 Rf5+ 57. Ke4 Rf2 58. Rb8 Kh5 59. Rh8+ Kg5 60. Rg8+ 1/2-1/2

[Event "GER-ch U16"]
[Site "Oberhof"]
[Date "2013.05.21"]
[Round "5"]
[White "Kramer, Julian"]
[Black "Mueller, Constantin"]
[Result "1/2-1/2"]
[WhiteElo "2133"]
[BlackElo "1956"]
[PlyCount "100"]
[EventDate "2013.05.19"]
[EventType "swiss"]
[EventRounds "9"]
[EventCountry "GER"]
[SourceTitle "CBM 154 Extra"]
[Source "ChessBase"]
[SourceDate "2013.06.25"]
[SourceVersion "2"]
[SourceVersionDate "2013.06.25"]
[SourceQuality "1"]

1. e4 e6 2. d4 d5 3. Nc3 h6 4. Nf3 Nf6 5. e5 Ne4 6. Bd3 Nxc3 7. bxc3 Be7 8. h4 c5 9. Bd2 b6 10. h5 Ba6 11. g3 Qc8 12. Bxa6 Qxa6 13. a4 Nc6 14. Qe2 Qxe2+ 15. Kxe2 Na5 16. Rhb1 Kd7 17. Ra2 Rac8 18. Be1 Rhf8 19. Nd2 f6 20. f4 fxe5 21. dxe5 Rf5 22. Nb3 Nc4 23. Nd2 Nxd2 24. Bxd2 Rxh5 25. Kf3 Rf5 26. a5 Bd8 27. axb6 Bxb6 28. c4 dxc4 29. g4 Rf7 30. Ke4 Rcf8 31. Rf1 g6 32. Ra4 Kc6 33. Rxc4 Rd8 34. Be3 h5 35. Rg1 h4 36. Ra4 Kb5 37. Raa1 c4 38. Rgb1+ Kc6 39. Ra4 Rdf8 40. Rxc4+ Kb7 41. Kf3 g5 42. f5 exf5 43. Bxg5 fxg4+ 44. Kxg4 Rg7 45. e6 Rfg8 46. Rc5 Ka8 47. Rxb6 axb6 48. Re5 h3 49. e7 Re8 50. Kxh3 Rxg5 1/2-1/2

[Event "Bayernliga 1213 U20"]
[Site "Bayern"]
[Date "2012.10.20"]
[Round "1.1"]
[White "Xiong, Ferdinand"]
[Black "Mueller, Constantin"]
[Result "1-0"]
[WhiteElo "2158"]
[BlackElo "2112"]
[PlyCount "145"]
[EventDate "2012.10.20"]
[EventType "team-tourn"]
[EventRounds "7"]
[EventCountry "GER"]
[SourceTitle "EXT 2020"]
[Source "ChessBase"]
[SourceDate "2019.10.17"]
[SourceVersion "1"]
[SourceVersionDate "2019.10.17"]
[SourceQuality "1"]
[WhiteTeam "Vaterstetten SC U20"]
[BlackTeam "Muenchen Suedost U20"]
[WhiteTeamCountry "GER"]
[BlackTeamCountry "GER"]

1. e4 c5 2. Nf3 e6 3. d4 cxd4 4. Nxd4 a6 5. Nc3 Qc7 6. Be3 Bb4 7. Qd2 Nf6 8. Bd3 d5 9. exd5 Nxd5 10. Nde2 Nxe3 11. Qxe3 Nd7 12. 0-0 Bc5 13. Qg5 Qe5 14. Ne4 Qxg5 15. Nxg5 Be7 16. Ne4 f5 17. N4c3 Nf6 18. Nd4 Bc5 19. Nf3 0-0 20. Rfe1 h6 21. Bc4 Re8 22. Re2 b5 23. Bb3 Rb8 24. Rae1 Rb6 25. Nh4 Kf8 26. Re5 Bd4 27. R5e2 g5 28. Ng6+ Kg7 29. Ne5 g4 30. Nd3 Nh7 31. Nd5 Rd6 32. Nc7 Re7 33. Nxe6+ Bxe6 34. Rxe6 Rdxe6 35. Rxe6 Rxe6 36. Bxe6 Kf6 37. Bc8 a5 38. c3 Be5 39. a3 Bd6 40. b4 axb4 41. cxb4 Ng5 42. Bd7 Ne4 43. Bxb5 Nc3 44. Bd7 Nd5 45. f3 gxf3 46. gxf3 h5 47. Bc8 h4 48. Bb7 Nc3 49. Kg2 Ke6 50. Kh3 Kd7 51. Kxh4 Kc7 52. Ba6 Bxh2 53. Kg5 Kb6 54. Bc4 Nd1 55. Be6 Ne3 56. Bxf5 Kb5 57. Nb2 Be5 58. Bd7+ Kb6 59. Nd3 Bd6 60. a4 Nd5 61. b5 Nc3 62. Nb2 Kc7 63. Bc6 Ne2 64. Nc4 Bc5 65. f4 Nc3 66. a5 Ne2 67. f5 Nd4 68. Ne5 Bb4 69. b6+ Kb8 70. a6 Be7+ 71. Kg6 Nxc6 72. Nxc6+ Ka8 73. b7# 1-0